| 000 | 01477nam a22003017a 4500 | ||
|---|---|---|---|
| 003 | PE SENCICO BE | ||
| 005 | 20251020182649.0 | ||
| 008 | 240116b |||||||| |||| 00| 0 eng d | ||
| 040 |
_aPE SENCICO BE _cPE SENCICO BE |
||
| 041 | _aspa | ||
| 084 |
_aI _aDIS _a2015 _bS21 |
||
| 100 | 1 |
_91884 _aChigne Encinas, Katherine Rubi Victoria _eautor |
|
| 245 | 1 |
_aProceso de diseño para anteproyecto diseño interior / _cKatherine Rubi Victoria Chigne Encinas |
|
| 246 | _aPropuesta de anteproyecto de diseño interior de lobby de ingreso y habitación en hotel | ||
| 260 |
_aLima : _c2015 |
||
| 300 |
_a71 h. : _bil. col. diagrs., tabls. ; _c30 cm. |
||
| 500 | _aTexto en dos volúmenes. El volumen 2 contiene planos (40 x 60 cm.). | ||
| 502 | _aMonografía de Titulación.-- Servicio Nacional de Capacitación para la Industria de la Construcción. Escuela Superior Técnica. Carrera Profesional Técnica en Diseño de Interiores, 2015 | ||
| 505 | 0 | _av. 1: Proceso de diseño para anteproyecto diseño interior -- v. 2: Propuesta de anteproyecto de diseño interior de lobby de ingreso y habitación en hotel | |
| 650 | 1 | 0 |
_944 _aDiseño de interiores |
| 650 | 2 | 0 |
_9370 _aArquitectura de viviendas |
| 650 | 2 | 0 |
_91793 _aColor en el diseño |
| 650 | 2 | 0 |
_99 _aEspacios interiores |
| 650 | 2 | 0 |
_9615 _aPlanos |
| 710 | 1 |
_aServicio Nacional de Capacitación para la Industria de la Construcción. _bEscuela Superior Técnica _91065 |
|
| 910 |
_bhfp _chfp |
||
| 942 |
_cMON _2ddc |
||
| 999 |
_c4511 _d4511 |
||